000 00475nam a22001697a 4500
005 20251108171909.0
008 250721s2004 xx 000 0 ara d
082 1 4 _a651.75/شيخ
100 1 _aالشيخلي، عبد القادر
245 1 0 _aفن كتابة التقارير /
264 1 _aعمان :
_bدار الثقافة،
_c2004.
300 _a148ص
650 1 7 _aإدارة الأعمال
650 1 7 _aالتقارير
942 _2ddc
_cBK
999 _c65433
_d65433